[Event "II Memorial Oliver Gonzalez"]
[Site "Madrid"]
[Date "2011.10.10"]
[Round "3.70"]
[White "Garcia-Sanchez Navarro, Mariano"]
[Black "Melcon Diez, Enrique"]
[Result "1/2-1/2"]
[WhiteElo "1573"]
[BlackElo "1671"]
[PlyCount "134"]
[EventDate "2011.10.08"]

1. c4 c5 2. Nc3 g6 3. d3 Bg7 4. Bd2 Nc6 5. g3 e6 6. Bg2 Nge7 7. e4 O-O 8. Nge2
d6 9. O-O Bd7 10. a3 a6 11. Rb1 b6 12. b4 Qc7 13. b5 Nd4 14. a4 axb5 15. axb5
Ra7 16. Nxd4 cxd4 17. Na4 Rfa8 18. Ra1 e5 19. Qb3 Be6 20. Ra3 Kh8 21. Rfa1 Ng8
22. Nb2 Nf6 23. Rxa7 Rxa7 24. Rxa7 Qxa7 25. Qa4 Qxa4 26. Nxa4 Nd7 27. f4 f6 28.
h3 Bf8 29. g4 Be7 30. f5 Bf7 31. h4 g5 32. hxg5 fxg5 33. Nb2 Kg7 34. Na4 Kf6
35. Nb2 Bd8 36. Nd1 h6 37. Nf2 Kg7 38. Nh1 h5 39. gxh5 Bxh5 40. Ng3 Bf7 41. Bf3
Nf6 42. Bxg5 Be7 43. Bxf6+ Kxf6 44. Bh5 Bg8 45. Bg6 Bd8 46. Nh5+ Ke7 47. f6+
Kf8 48. Kg2 Bf7 49. Bxf7 Kxf7 50. Kg3 Bxf6 51. Kg4 Be7 52. Ng3 Kg6 53. Nf5 Bf8
54. Nh4+ Kf6 55. Nf5 Kg6 56. Kh4 Kf6 57. Kh5 Kf7 58. Kg5 Be7+ 59. Nxe7 Kxe7 60.
Kg6 Ke6 61. Kg5 Ke7 62. Kf5 Kf7 63. Kg5 Kg7 64. Kh5 Kh7 {(=)} 65. Kg5 Kg7 66.
Kf5 Kf7 67. Kg4 Kf6 1/2-1/2

[Event "II Memorial Oliver Gonzalez"]
[Site "Madrid"]
[Date "2011.10.10"]
[Round "3.71"]
[White "Ojosnegros Martin, Angel"]
[Black "Sanchez Tapia, Luis G"]
[Result "1-0"]
[WhiteElo "1417"]
[BlackElo "1638"]
[PlyCount "139"]
[EventDate "2011.10.08"]

1. e4 c6 2. d4 d5 3. exd5 cxd5 4. Bd3 Nc6 5. c3 e5 6. dxe5 Nxe5 7. Bb5+ Bd7 8.
Bxd7+ Qxd7 9. Bf4 Qe6 10. Bxe5 Qxe5+ 11. Qe2 Bd6 12. Qxe5+ Bxe5 13. Nf3 Bf6 14.
O-O Ne7 15. Nbd2 O-O 16. Rad1 Rac8 17. Rfe1 Rc7 18. Nb3 b6 19. Nbd4 a6 20. g4
Ng6 21. g5 Bxd4 22. Rxd4 Ne7 23. h4 f6 24. Kf1 Kf7 25. Re2 Kg6 26. gxf6 gxf6
27. Rg4+ Kh6 28. Re6 Kh5 29. Rg2 Rb7 30. Rg7 Re8 31. Rxf6 h6 32. Rh7 Ng8 33.
Rf5+ Kg4 34. Rxb7 Kxf5 35. Rxb6 Kg4 36. Nd4 Kxh4 37. Rxa6 Kg5 38. a4 Nf6 39.
f4+ Kg6 40. f5+ Kg5 41. Ne6+ Kg4 42. Nc7 Rf8 43. Ne6 Rb8 44. Nd4 Kg5 45. b4 Rc8
46. Rc6 Ra8 47. a5 h5 48. a6 h4 49. Nf3+ Kxf5 50. Nxh4+ Ke5 51. b5 Ne4 52. Rc7
Nd2+ 53. Ke2 Nc4 54. Nf3+ Kf4 55. Rf7+ Kg3 56. Nd2 Re8+ 57. Kd1 Nd6 58. Rg7+
Kf2 59. b6 Re1+ 60. Kc2 Re2 61. b7 Re8 62. a7 Nxb7 63. Rxb7 Ra8 64. Rd7 Ke3 65.
Nb3 Ke4 66. Nc5+ Ke5 67. Na4 Ke6 68. Rh7 Rg8 69. Nb6 Rg2+ 70. Kb3 1-0

[Event "II Memorial Oliver Gonzalez"]
[Site "Madrid"]
[Date "2011.10.10"]
[Round "3.73"]
[White "Folgar Lopez, Angel"]
[Black "Martin Rodriguez, Jose L"]
[Result "1-0"]
[WhiteElo "1615"]
[BlackElo "1483"]
[PlyCount "51"]
[EventDate "2011.10.08"]

1. d4 Nf6 2. Nf3 e6 3. e3 c5 4. c3 d5 5. Bd3 Nc6 6. Nbd2 c4 7. Bc2 b5 8. O-O b4
9. Qe2 bxc3 10. bxc3 Rb8 11. Re1 Qa5 12. Nb1 Bd6 13. e4 e5 14. exd5 Qxd5 15.
dxe5 O-O 16. exf6 Bd7 17. Qe4 Qxe4 18. Rxe4 Bf5 19. Re2 Rb5 20. Bxf5 Rxf5 21.
fxg7 Rd8 22. Na3 Be5 23. Bd2 Bxg7 24. Nxc4 Rc5 25. Ne3 Nb4 26. cxb4 1-0

[Event "II Memorial Oliver Gonzalez"]
[Site "Madrid"]
[Date "2011.10.10"]
[Round "3.74"]
[White "Lopez De Turiso Sanchez, Jose A"]
[Black "Aragon Gutierrez, Alejandro"]
[Result "1/2-1/2"]
[WhiteElo "2084"]
[BlackElo "1732"]
[PlyCount "143"]
[EventDate "2011.10.08"]

1. d4 d5 2. c4 e6 3. cxd5 exd5 4. Nc3 Nf6 5. Bg5 c6 6. e3 Be7 7. Bd3 Nbd7 8.
Qc2 O-O 9. Nge2 Re8 10. h3 Nf8 11. g4 Bd7 12. Ng3 g6 13. O-O-O Ne6 14. Bh6 Kh8
15. Bf4 Nxf4 16. exf4 Qb6 17. g5 Ng8 18. Kb1 Rac8 19. h4 Bg4 20. Be2 Bxe2 21.
Ngxe2 Bd6 22. f5 Ne7 23. f6 Nf5 24. Qd3 Kg8 25. h5 Rc7 26. Rh3 Qa6 27. Qf3 Qc4
28. Rd2 a5 29. Nd1 Qb4 30. Qc3 Re4 31. hxg6 fxg6 32. Ne3 Qxc3 33. bxc3 Nxe3 34.
Rxe3 Rg4 35. Re8+ Kf7 36. Rh8 Rxg5 37. Rxh7+ Kxf6 38. Rxc7 Bxc7 39. Rd3 Rf5 40.
f3 Rh5 41. Kc2 Rh2 42. Kd1 Rh1+ 43. Kc2 Rh2 44. Kd1 Rh8 45. Re3 Kf7 46. Kd2 Rh2
47. Kd3 Rh1 48. Kc2 Rh8 49. Kd2 Re8 50. Rd3 Kf6 51. Kd1 Kf5 52. Ke1 Bf4 53. Kf2
g5 54. Rd1 Rh8 55. Ng3+ Bxg3+ 56. Kxg3 Re8 57. Kf2 Rh8 58. Kg3 Re8 59. Kf2 Re7
60. Rh1 Kf4 61. Rh8 Kf5 62. a4 Ke6 63. Ra8 Rf7 64. Kg3 Kd6 65. Rg8 Rf5 66. Rg6+
Kc7 67. Rg7+ Kc8 68. Rg8+ Kc7 69. Rg7+ Kb6 70. Kg4 Rf4+ 71. Kg3 Rf5 72. Kg4
1/2-1/2

[Event "II Memorial Oliver Gonzalez"]
[Site "Madrid"]
[Date "2011.10.10"]
[Round "3.75"]
[White "De Dompablo Fantova, Juan"]
[Black "Cabañas Bravo, Juan Andres"]
[Result "0-1"]
[WhiteElo "1725"]
[BlackElo "2065"]
[PlyCount "42"]
[EventDate "2011.10.08"]

1. e4 e5 2. Nf3 Nc6 3. Nc3 Bc5 4. Bb5 Nge7 5. O-O O-O 6. Nxe5 Nxe5 7. d4 Nf3+
8. Qxf3 Bxd4 9. Bg5 f6 10. Bd2 a6 11. Ba4 Ng6 12. Qd3 c5 13. Bb3+ Kh8 14. a4
Ne5 15. Qe2 d6 16. h3 f5 17. Nd1 f4 18. Qe1 Bxh3 19. Kh2 Bxg2 20. Kxg2 Qg5+ 21.
Kh3 Qg4+ 0-1

[Event "II Memorial Oliver Gonzalez"]
[Site "Madrid"]
[Date "2011.10.11"]
[Round "4.1"]
[White "Arribas Lopez, Angel"]
[Black "Vazquez Igarza, Renier"]
[Result "1-0"]
[WhiteElo "2440"]
[BlackElo "2572"]
[PlyCount "57"]
[EventDate "2011.10.08"]

1. d4 Nf6 2. Nf3 d5 3. c4 e6 4. Nc3 Bb4 5. cxd5 exd5 6. Bg5 Nbd7 7. Qb3 c5 8.
Nd2 h6 9. Bh4 Qa5 10. a3 O-O 11. Rb1 Bxc3 12. Qxc3 Qxc3 13. bxc3 c4 14. f3 Re8
15. Kf2 Re6 16. g4 Nb6 17. g5 hxg5 18. Bxg5 Na4 19. Rc1 Rb6 20. Rg1 Bf5 21. e4
Bg6 22. exd5 Rb2 23. Bxc4 Rc8 24. Bb3 Nxc3 25. d6 Rc6 26. Bxf6 Rxd2+ 27. Ke1
Re2+ 28. Kf1 Rxd6 29. Rxc3 1-0

[Event "II Memorial Oliver Gonzalez"]
[Site "Madrid"]
[Date "2011.10.11"]
[Round "4.2"]
[White "Hunt, Adam C"]
[Black "Almagro Llamas, Pablo"]
[Result "1-0"]
[WhiteElo "2437"]
[BlackElo "2466"]
[PlyCount "59"]
[EventDate "2011.10.08"]

1. e4 c6 2. d4 d5 3. exd5 cxd5 4. c4 Nf6 5. Nc3 Nc6 6. Bg5 dxc4 7. d5 Na5 8.
Nf3 e6 9. Bxf6 gxf6 10. Bxc4 Nxc4 11. Qa4+ Bd7 12. Qxc4 b5 13. Qh4 Bg7 14. dxe6
fxe6 15. Qh5+ Kf8 16. Rd1 Qe7 17. O-O Be8 18. Qh3 b4 19. Ne2 Bg6 20. Ned4 Re8
21. Rfe1 e5 22. Nf5 Qe6 23. N3h4 Rg8 24. Qg4 Bxf5 25. Nxf5 a5 26. Rd6 Qc8 27.
Red1 Bh8 28. Qh3 Rg5 29. Rd7 h5 30. Qb3 1-0

[Event "II Memorial Oliver Gonzalez"]
[Site "Madrid"]
[Date "2011.10.11"]
[Round "4.3"]
[White "Lariño Nieto, David"]
[Black "Valles Moreno, Ivan"]
[Result "1-0"]
[WhiteElo "2455"]
[BlackElo "2394"]
[PlyCount "195"]
[EventDate "2011.10.08"]

1. d4 d5 2. Bg5 h6 3. Bh4 c6 4. c3 Bf5 5. Nd2 Qb6 6. Qb3 e6 7. f3 Be7 8. Bxe7
Nxe7 9. e4 Bh7 10. Qxb6 axb6 11. c4 Nd7 12. Ne2 dxe4 13. Nxe4 Bxe4 14. fxe4 e5
15. dxe5 Nxe5 16. Nc3 O-O-O 17. b3 Rhe8 18. Be2 Ng8 19. Rd1 Nf6 20. Kf2 Ned7
21. Bf3 Kc7 22. Rd4 Nc5 23. Rhd1 Rxd4 24. Rxd4 Nfd7 25. Bg4 Ne5 26. Bh3 Ra8 27.
Ke3 Na6 28. Kf4 f6 29. Ke3 Nb4 30. Rd2 Ra3 31. Be6 h5 32. h4 Ra8 33. Bh3 Ra3
34. Be6 Ra8 35. g3 Na6 36. Bf5 Nc5 37. Ne2 Ra3 38. Rc2 g6 39. Bh3 Ned3 40. Rd2
Ne5 41. Rc2 Ra8 42. Nf4 Re8 43. b4 Ncd7 44. Ne6+ Kd6 45. c5+ Ke7 46. Nd4 Ra8
47. cxb6 Nxb6 48. Bf1 Ra3+ 49. Nb3 Nbd7 50. Be2 b6 51. Kd4 Ra4 52. Kc3 c5 53.
bxc5 Nxc5 54. Nxc5 bxc5 55. Bb5 Rxe4 56. a4 Rb4 57. Rd2 Rb1 58. Kc2 Rb4 59. Rd5
c4 60. a5 Ke6 61. a6 Rb3 62. Ba4 Rb8 63. Ra5 Ra8 64. a7 Kd6 65. Ra6+ Kc7 66.
Bb5 Kb7 67. Rxf6 Rxa7 68. Re6 Ra5 69. Be8 Kc7 70. Kb2 Nd3+ 71. Kc3 Re5 72. Rc6+
Kb7 73. Rxc4 Rxe8 {(=)} 74. Kxd3 Re6 75. Kd4 Kb6 76. Kd5 Rf6 77. Rf4 Rc6 78.
Ke5 Kc7 79. Rf6 Rc3 80. Rxg6 Kd7 81. Rg7+ Ke8 82. Kf4 Kf8 83. Rg5 Rc4+ 84. Kf3
Rc3+ 85. Kg2 Kf7 86. Rxh5 Ra3 87. Rb5 Kf6 88. Kh3 Ra4 89. Rb6+ Kf5 90. g4+ Kf4
91. Rf6+ Ke5 92. g5 Rb4 93. Kg3 Ra4 94. h5 Ra3+ 95. Rf3 Ra1 96. g6 Rg1+ 97. Kh4
Ke4 98. Rg3 1-0

[Event "II Memorial Oliver Gonzalez"]
[Site "Madrid"]
[Date "2011.10.11"]
[Round "4.4"]
[White "Gonzalez Mateo, Rafael"]
[Black "Barria Zuñiga, Daniel"]
[Result "1/2-1/2"]
[WhiteElo "2186"]
[BlackElo "2443"]
[PlyCount "122"]
[EventDate "2011.10.08"]

1. d4 c5 2. c3 d5 3. Nf3 Nc6 4. dxc5 e6 5. b4 a5 6. b5 Na7 7. c4 Bxc5 8. Bb2
Nf6 9. e3 O-O 10. Nbd2 Qe7 11. Be2 Bd7 12. a4 Rfd8 13. O-O Be8 14. Qb3 Nc8 15.
Rac1 Bb4 16. Rfd1 Nb6 17. Bd4 Nbd7 18. cxd5 Nxd5 19. Bc4 N5b6 20. Bd3 e5 21.
Bxb6 Nxb6 22. Nc4 Nd7 23. Be2 g6 24. e4 Kg7 25. Ne3 Nb6 26. Nc4 Nd7 27. Ne3 Nf6
28. Qb1 Bc5 29. h3 Bxe3 30. fxe3 Qe6 31. Bd3 Nd7 32. Qc2 Nb6 33. Ra1 Qe7 34.
Qc3 f6 35. Bc2 Rdc8 36. Qd3 Rd8 37. Qc3 Bf7 38. Rxd8 Qxd8 39. Rd1 Qe7 40. Qd2
Kf8 41. g4 Nc4 42. Qc3 Rc8 43. Rc1 b6 44. Bd3 Qc5 45. Bxc4 Qxc4 46. Qxc4 Rxc4
47. Rd1 Ke7 48. g5 Rxe4 49. gxf6+ Kxf6 50. Rd6+ Kf5 51. Rxb6 Rxe3 52. Kf2 Rb3
53. Ra6 Bd5 54. Ng1 e4 55. Rxa5 e3+ 56. Kg3 Ke5 57. Ra7 Bc4 58. Rxh7 Ra3 59.
Re7+ Kd5 60. b6 Rxa4 61. Rxe3 Rb4 1/2-1/2

[Event "II Memorial Oliver Gonzalez"]
[Site "Madrid"]
[Date "2011.10.11"]
[Round "4.5"]
[White "Roa Alonso, Santiago"]
[Black "Suarez Uriel, Adrian"]
[Result "1-0"]
[WhiteElo "2420"]
[BlackElo "2197"]
[PlyCount "89"]
[EventDate "2011.10.08"]

1. e4 c5 2. Nf3 Nc6 3. d4 cxd4 4. Nxd4 g6 5. Nc3 Bg7 6. Nb3 Nf6 7. Be2 O-O 8.
O-O d6 9. Bg5 Be6 10. Re1 Rc8 11. Bf1 Re8 12. Nd5 Bxd5 13. exd5 Nb4 14. Bxf6
Bxf6 15. c3 Na6 16. Bb5 Rf8 17. Bxa6 bxa6 18. Re4 Rb8 19. Ra4 Qc8 20. Qd3 Rb5
21. Rd1 Qb7 22. Na5 Qd7 23. b3 Rc5 24. c4 Rfc8 25. Nc6 R8xc6 26. dxc6 Qxc6 27.
Rb4 Rg5 28. g3 Kg7 29. Re1 Rf5 30. Re2 h5 31. Qe4 Qc5 32. Rb7 Bd4 33. Rxe7
Bxf2+ 34. Kg2 Bg1 35. b4 Qd4 36. Qxd4+ Bxd4 37. a3 g5 38. h3 h4 39. R7e4 Bf6
40. gxh4 gxh4 41. Rf2 Re5 42. Rxe5 Bxe5 43. Rd2 Kf6 44. Rd5 Kf5 45. Kf3 1-0

[Event "II Memorial Oliver Gonzalez"]
[Site "Madrid"]
[Date "2011.10.11"]
[Round "4.6"]
[White "Moreno Trujillo, Alejandro"]
[Black "Martin Duque, Jesus"]
[Result "1-0"]
[WhiteElo "2473"]
[BlackElo "2136"]
[PlyCount "69"]
[EventDate "2011.10.08"]

1. d4 d5 2. c4 c6 3. cxd5 cxd5 4. Nf3 Nc6 5. Nc3 Nf6 6. Bf4 Nh5 7. Bd2 e6 8. e3
Bd6 9. Ne5 g6 10. Nxc6 bxc6 11. Rc1 f5 12. g3 O-O 13. Be2 Nf6 14. Na4 Bd7 15.
O-O Qe7 16. Bd3 g5 17. f4 g4 18. a3 h5 19. Qe1 Rab8 20. Rf2 Kg7 21. Bb4 Bxb4
22. axb4 Rxb4 23. Nc5 Rbb8 24. Ra1 Bc8 25. b3 Rf7 26. Rfa2 Ra8 27. Ba6 Bxa6 28.
Rxa6 Qe8 29. b4 Re7 30. Qc1 Ne4 31. Nxe4 fxe4 32. Rxc6 Kf6 33. Qc5 Rd7 34. Raa6
Kf7 35. Rxe6 1-0

[Event "II Memorial Oliver Gonzalez"]
[Site "Madrid"]
[Date "2011.10.11"]
[Round "4.7"]
[White "Anton Guijarro, David"]
[Black "Perez Gonzalez, Jose Manuel"]
[Result "1-0"]
[WhiteElo "2462"]
[BlackElo "2304"]
[PlyCount "55"]
[EventDate "2011.10.08"]

1. e4 c5 2. Nf3 d6 3. d4 cxd4 4. Nxd4 Nf6 5. Nc3 g6 6. Be3 Bg7 7. f3 O-O 8. Qd2
Nc6 9. Bc4 Bd7 10. Bb3 Qa5 11. O-O Rfc8 12. Kh1 Ne5 13. Qe2 a6 14. Rae1 Qc7 15.
f4 Nc6 16. Nf3 Be6 17. Bxe6 fxe6 18. f5 exf5 19. exf5 gxf5 20. Qc4+ Kh8 21. Ng5
Nd8 22. Qh4 Qc4 23. Rf4 Qg8 24. Bb6 e5 25. Bxd8 exf4 26. Re7 h5 27. Nf7+ Kh7
28. Nd5 1-0

[Event "II Memorial Oliver Gonzalez"]
[Site "Madrid"]
[Date "2011.10.11"]
[Round "4.8"]
[White "Alcazar Jimenez, Jesus Alberto"]
[Black "Rubio Mejia, Luis Ignacio"]
[Result "0-1"]
[WhiteElo "2294"]
[BlackElo "2433"]
[PlyCount "80"]
[EventDate "2011.10.08"]

1. c4 c5 2. Nf3 Nc6 3. Nc3 e5 4. e3 Nf6 5. d4 cxd4 6. exd4 e4 7. Ne5 Bb4 8. c5
O-O 9. a3 Bxc3+ 10. bxc3 d6 11. cxd6 Qxd6 12. Nc4 Qc7 13. d5 Na5 14. d6 Qd8 15.
Bg5 Be6 16. Ne3 Rc8 17. Rc1 Nb3 18. Rc2 Qa5 19. Bxf6 gxf6 20. Be2 Rfd8 21. O-O
Qe5 22. Bg4 Rxd6 23. Qe2 f5 24. Bh3 Rc5 25. Qh5 f4 26. Qxe5 Rxe5 27. Bxe6 Rexe6
28. Nf5 Rd5 29. g4 Nd2 30. Rfc1 h5 31. c4 Rd3 32. gxh5 Re5 33. Nh6+ Kg7 34. Ng4
Rg5 35. h6+ Kh7 36. h3 f5 37. Rb2 fxg4 38. h4 Nf3+ 39. Kf1 Nxh4 40. Rxb7+ Kxh6
0-1

[Event "II Memorial Oliver Gonzalez"]
[Site "Madrid"]
[Date "2011.10.11"]
[Round "4.9"]
[White "Pogorelov, Ruslan"]
[Black "Cabañas Jimenez, Manuel"]
[Result "1-0"]
[WhiteElo "2401"]
[BlackElo "2102"]
[PlyCount "235"]
[EventDate "2011.10.08"]

1. Nf3 Nf6 2. c4 g6 3. Nc3 d5 4. cxd5 Nxd5 5. Qa4+ Nc6 6. Ne5 Ndb4 7. a3 Nc2+
8. Qxc2 Nxe5 9. d4 Nd7 10. e4 Bg7 11. Be3 O-O 12. Be2 c6 13. h4 e5 14. d5 f5
15. dxc6 bxc6 16. h5 f4 17. hxg6 h6 18. Bd2 Rf6 19. Bc4+ Kh8 20. g3 Qf8 21. Bf7
Nc5 22. Na4 Ne6 23. Bc3 fxg3 24. fxg3 Ng5 25. O-O-O Nxf7 26. gxf7 Rxf7 27. Bb4
Qe8 28. Rd6 Bg4 29. Kb1 Rc8 30. Qd2 h5 31. Nc5 Bf8 32. Rg6 Rf1+ 33. Rxf1 Qxg6
34. Qe3 Bh6 35. Qc3 Re8 36. Ka1 Bf8 37. Nd3 Bg7 38. Re1 Kh7 39. Nf2 Bd7 40. Bc5
a6 41. Rd1 Qf7 42. Qd3 Bc8 43. Qe2 Kg6 44. Rh1 Rh8 45. Qd3 Bf6 46. Be3 Qd7 47.
Qc3 Qe6 48. Rd1 Rd8 49. Rc1 Bb7 50. Nd3 Ba8 51. Nc5 Qg4 52. Nxa6 Qxe4 53. Nc5
Qf3 54. Qc2+ Qf5 55. Qe2 Qg4 56. Qf2 Qf5 57. Qg2 Rd5 58. Rf1 Qg4 59. Qc2+ Kg7
60. Ka2 Be7 61. Qf2 Qg6 62. Ka1 Kg8 63. Qg1 Kg7 64. Qf2 Kg8 65. Ne4 Rd8 66. Qc2
Rf8 67. Qc4+ Kh8 68. Rxf8+ Bxf8 69. Ng5 c5 70. Nf7+ Kh7 71. Nxe5 Qf5 72. Bf4
Bd6 73. Qd3 Qxd3 74. Nxd3 Bf8 75. Be3 c4 76. Ne5 Bd5 77. Kb1 Bd6 78. Bf4 Bc5
79. Kc2 Bd4 80. a4 Kg7 81. a5 Kf6 82. Nd7+ Ke7 83. Nb6 Be4+ 84. Kc1 c3 85. bxc3
Bxc3 86. a6 Bd4 87. Nc4 Bd3 88. Ne5 Bxa6 89. Nc6+ Kf7 90. Nxd4 Kg6 91. Kd2 Bc8
92. Kc3 Ba6 93. Kb4 Kf6 94. Kc5 Bf1 95. Nc2 Ke6 96. Ne3 Bd3 97. Kd4 Ba6 98. Bg5
Bb7 99. Nc4 Kf5 100. Bh4 Ba8 101. Nd6+ Ke6 102. Ne4 Kf5 103. Nf6 Bf3 104. Ke3
Bd1 105. Nd5 Bb3 106. Kd4 Ba4 107. Ne3+ Kg6 108. Ke5 Bd7 109. Nd5 Bg4 110. Ne7+
Kf7 111. Kf4 Bd1 112. Nc6 Kg6 113. Ne5+ Kh6 114. Be7 Kg7 115. Kg5 Be2 116. Bf6+
Kh7 117. Ng6 Bd1 118. Nf4 1-0

[Event "II Memorial Oliver Gonzalez"]
[Site "Madrid"]
[Date "2011.10.11"]
[Round "4.10"]
[White "Hernando Pertierra, Jose C"]
[Black "Fernandez Gil, Ruben Carlos"]
[Result "1-0"]
[WhiteElo "2383"]
[BlackElo "1878"]
[PlyCount "59"]
[EventDate "2011.10.08"]

1. Nf3 Nf6 2. d4 c5 3. e3 cxd4 4. exd4 g6 5. c4 Bg7 6. Nc3 O-O 7. Bg5 d6 8. Be2
Nbd7 9. O-O h6 10. Bf4 Nh5 11. Be3 e5 12. Nb5 Qe7 13. dxe5 dxe5 14. Nc7 e4 15.
Nd4 Be5 16. Nd5 Qh4 17. f4 Bg7 18. Bxh5 Qxh5 19. Qxh5 gxh5 20. Nf5 Bxb2 21.
Rad1 Kh7 22. Nc7 Rb8 23. Bxa7 Ba3 24. Rd5 Nf6 25. Ra5 Bb4 26. Rb5 Bxf5 27. Bxb8
Rxb8 28. Rxb4 Rc8 29. Rxb7 e3 30. Re1 1-0

[Event "II Memorial Oliver Gonzalez"]
[Site "Madrid"]
[Date "2011.10.11"]
[Round "4.11"]
[White "Garcia Pichon, Eduardo"]
[Black "Renteria, Jorge"]
[Result "0-1"]
[WhiteElo "2283"]
[BlackElo "2319"]
[PlyCount "96"]
[EventDate "2011.10.08"]

1. e4 c5 2. Nf3 d6 3. c3 Nf6 4. Be2 Nbd7 5. d3 g6 6. O-O Bg7 7. Re1 O-O 8. Bf1
b6 9. d4 e5 10. Bg5 h6 11. Bh4 Bb7 12. Nbd2 Qe7 13. Nc4 Rad8 14. Qa4 a6 15. Qb3
g5 16. Bg3 Nxe4 17. Nxb6 Nxg3 18. hxg3 Rb8 19. Nxd7 Qxd7 20. Qc2 exd4 21. Rad1
Bxf3 22. gxf3 Qb7 23. b3 Qxf3 24. Bxa6 Rb6 25. Be2 Qxc3 26. Qe4 Rbb8 27. Bc4
Rfe8 28. Qxe8+ Rxe8 29. Rxe8+ Bf8 30. Rd3 Qc1+ 31. Kg2 g4 32. Rd8 Qe1 33. Rd7
Qe4+ 34. Kg1 Be7 35. a4 Kf8 36. Rd1 Qf5 37. Bb5 d5 38. Re1 Bg5 39. Bc6 d3 40.
Rxd5 Qg6 41. Bb5 d2 42. Re8+ Kg7 43. Be2 Qc6 44. Ree5 Qb6 45. Bxg4 Qxb3 46. a5
c4 47. Bh5 c3 48. Rf5 Qxd5 0-1

[Event "II Memorial Oliver Gonzalez"]
[Site "Madrid"]
[Date "2011.10.11"]
[Round "4.12"]
[White "Perez Mitjans, Orelvis"]
[Black "Horcajada Reales, Guillermo"]
[Result "1-0"]
[WhiteElo "2451"]
[BlackElo "2215"]
[PlyCount "95"]
[EventDate "2011.10.08"]

1. e4 c5 2. Nf3 a6 3. c4 e6 4. Nc3 Qc7 5. d4 cxd4 6. Nxd4 Bb4 7. Qd3 Nf6 8. Bd2
Nc6 9. Nc2 Bd6 10. g3 b6 11. f4 Bb7 12. Bg2 Nb4 13. Nxb4 Bxb4 14. a3 Be7 15.
Qe2 Rc8 16. b3 Bc5 17. g4 d6 18. g5 Nd7 19. Qd3 e5 20. f5 Bd4 21. Rc1 Qc5 22.
a4 Qa3 23. Rb1 h6 24. Qh3 Nc5 25. f6 gxf6 26. Nd5 Qa2 27. Ke2 Ne6 28. Rhf1 Nxg5
29. Qf5 Rg8 30. h4 Ne6 31. Nxf6+ Kd8 32. Nxg8 Bc3 33. Qf6+ Kc7 34. Rbd1 Nd4+
35. Ke1 Qxb3 36. Bxc3 Qxc3+ 37. Kf2 Qc2+ 38. Kg1 Bxe4 39. Qxf7+ Kb8 40. Bxe4
Qxe4 41. Nf6 Qe3+ 42. Rf2 Qg3+ 43. Rg2 Ne2+ 44. Kf1 Qf3+ 45. Ke1 Qxg2 46. Rxd6
Nd4 47. Rxb6+ Ka8 48. Rxa6+ 1-0

[Event "II Memorial Oliver Gonzalez"]
[Site "Madrid"]
[Date "2011.10.11"]
[Round "4.14"]
[White "Martinez Martin, David"]
[Black "Mansilla Tolosa, Luis E"]
[Result "1-0"]
[WhiteElo "2401"]
[BlackElo "2064"]
[PlyCount "55"]
[EventDate "2011.10.08"]

1. c4 Nf6 2. Nc3 e6 3. d4 Bb4 4. e3 O-O 5. Bd3 d5 6. Nge2 b6 7. a3 Bxc3+ 8.
bxc3 Ba6 9. cxd5 Bxd3 10. Qxd3 Qxd5 11. O-O Nbd7 12. Rd1 c5 13. c4 Qb7 14. d5
exd5 15. cxd5 Rfe8 16. Bb2 Ne5 17. Qf5 Qd7 18. Qc2 Qg4 19. Ng3 Qg6 20. e4 Neg4
21. d6 Nxe4 22. d7 Nxg3 23. dxe8=Q+ Rxe8 24. Re1 Ne4 25. f3 Qh5 26. fxg4 Qxg4
27. Rad1 h5 28. Qe2 1-0

[Event "II Memorial Oliver Gonzalez"]
[Site "Madrid"]
[Date "2011.10.11"]
[Round "4.15"]
[White "Grebstad, Kjell Borre"]
[Black "Hernando Rodrigo, Jose Maria"]
[Result "0-1"]
[WhiteElo "1986"]
[BlackElo "2328"]
[PlyCount "64"]
[EventDate "2011.10.08"]

1. d4 g6 2. c4 f5 3. Nf3 Nf6 4. Nc3 Bg7 5. g3 O-O 6. Bg2 d6 7. O-O Qe8 8. d5
Na6 9. Be3 Nc5 10. Nb5 Na6 11. Nfd4 Bd7 12. Qd2 Ne4 13. Qc2 c6 14. dxc6 bxc6
15. Bxe4 fxe4 16. Nc3 e5 17. Nb3 Nb4 18. Qd2 Bf5 19. Nxe4 Bxe4 20. Qxb4 Qe6 21.
Rad1 c5 22. Qc3 Rab8 23. Nd2 Bc6 24. b3 Rf5 25. Qc2 e4 26. h4 Rh5 27. Kg2 Rf8
28. Rh1 Bd4 29. Nf1 Rhf5 30. Rxd4 cxd4 31. Bxd4 Rxf2+ 32. Bxf2 e3+ 0-1

[Event "II Memorial Oliver Gonzalez"]
[Site "Madrid"]
[Date "2011.10.11"]
[Round "4.16"]
[White "Martin Rueda, Daniel"]
[Black "Ronka, Erik"]
[Result "1/2-1/2"]
[WhiteElo "2311"]
[BlackElo "2029"]
[PlyCount "60"]
[EventDate "2011.10.08"]

1. d4 Nf6 2. c4 e6 3. Nc3 Bb4 4. e3 d5 5. Nf3 O-O 6. a3 Bxc3+ 7. bxc3 c5 8. Bd3
Nc6 9. O-O Qc7 10. Qc2 dxc4 11. Bxc4 e5 12. Bb2 Bg4 13. Ng5 cxd4 14. cxd4 exd4
15. h3 Na5 16. hxg4 Qxc4 17. Qf5 Nc6 18. Nf3 Ne7 19. Qe5 Ng6 20. Qxd4 Qxd4 21.
Nxd4 Nxg4 22. Nf5 f6 23. Rfd1 Rfd8 24. Rxd8+ Rxd8 25. Bd4 b6 26. a4 N4e5 27. a5
bxa5 28. Rxa5 Nc6 29. Ra6 Nxd4 30. Nxd4 Rd7 1/2-1/2

[Event "II Memorial Oliver Gonzalez"]
[Site "Madrid"]
[Date "2011.10.11"]
[Round "4.17"]
[White "Avendaño Mateos, Jose"]
[Black "Adan Bermudez, Sergio"]
[Result "0-1"]
[WhiteElo "2002"]
[BlackElo "2287"]
[PlyCount "124"]
[EventDate "2011.10.08"]

1. d4 d6 2. Nf3 Nf6 3. Bf4 c6 4. Nbd2 Nh5 5. Bg3 g6 6. e4 Bg7 7. Bc4 O-O 8. c3
Nd7 9. O-O b5 10. Bb3 Nxg3 11. fxg3 e6 12. a4 a5 13. axb5 cxb5 14. Bc2 Ba6 15.
Bd3 e5 16. d5 Nc5 17. Be2 a4 18. Kh1 Bh6 19. Qc2 Qb6 20. Rae1 b4 21. cxb4 Qxb4
22. Bxa6 Rxa6 23. g4 Rb8 24. g5 Bf8 25. Nc4 Qb3 26. Qe2 Qd3 27. Nfd2 Qxe2 28.
Rxe2 Nd3 29. Nb1 Be7 30. Rf3 Rb4 31. Nba3 Nf4 32. Ref2 Ra8 33. h4 Rc8 34. g3
Nh5 35. Kh2 Rf8 36. Na5 Rxe4 37. Nc6 Bd8 38. Nxd8 Rxd8 39. Rxf7 Ng7 40. Ra7 Nf5
41. Rc2 Rb4 42. Rcc7 Rxb2+ 43. Nc2 Re8 44. g4 Ne7 45. Kh3 Kf8 46. h5 Rb3+ 47.
Kh4 a3 48. Rxa3 Rxa3 49. Nxa3 Rc8 50. Rd7 gxh5 51. Rxd6 Ng6+ 52. Kh3 Rc3+ 53.
Kh2 Rxa3 54. gxh5 Nh4 55. Rd8+ Ke7 56. Rh8 Nf3+ 57. Kg3 Nxg5+ 58. Kg4 Kf6 59.
Rf8+ Kg7 60. Re8 Nf7 61. Kh4 Ra4+ 62. Kg3 Rd4 0-1

[Event "II Memorial Oliver Gonzalez"]
[Site "Madrid"]
[Date "2011.10.11"]
[Round "4.18"]
[White "Moreno Tejera, Emilio"]
[Black "Cuadrado Lopez, Francisco Javie"]
[Result "1-0"]
[WhiteElo "2280"]
[BlackElo "1967"]
[PlyCount "79"]
[EventDate "2011.10.08"]

1. e4 c5 2. Nc3 Nc6 3. f4 g6 4. Nf3 d6 5. Bc4 e6 6. O-O Bg7 7. d3 a6 8. a4 Nge7
9. Qe1 O-O 10. f5 d5 11. Bb3 exf5 12. exd5 Nd4 13. Bg5 Re8 14. Qh4 Qd6 15. Rae1
Nxf3+ 16. Rxf3 Bd4+ 17. Kh1 f6 18. Bf4 Be5 19. Bxe5 fxe5 20. Rfe3 g5 21. Qxg5+
Ng6 22. h4 Kh8 23. h5 Rg8 24. Qh6 Bd7 25. Rh3 Be8 26. hxg6 Bxg6 27. Rhe3 Rae8
28. Qh2 f4 29. Rh3 Rg7 30. Rh6 Qe7 31. Qh4 Qf8 32. Rf1 Rd8 33. Ne4 Rdd7 34. Ng5
Bf5 35. Ne6 Bxe6 36. dxe6 Rde7 37. Qf6 Qb8 38. Rh5 b5 39. Qxe5 Qb7 40. Bd5 1-0

[Event "II Memorial Oliver Gonzalez"]
[Site "Madrid"]
[Date "2011.10.11"]
[Round "4.19"]
[White "Fuentes Arjona, Antonio"]
[Black "Luukkonen, Tommi"]
[Result "1/2-1/2"]
[WhiteElo "2001"]
[BlackElo "2256"]
[PlyCount "79"]
[EventDate "2011.10.08"]

1. e4 e5 2. Nf3 Nc6 3. d4 exd4 4. c3 d3 5. Bxd3 d6 6. Bc4 Nf6 7. Bg5 h6 8. Bxf6
Qxf6 9. Nbd2 g5 10. h3 Bg7 11. Nf1 O-O 12. Ng3 Be6 13. Nh5 Qg6 14. Bxe6 Qxe4+
15. Qe2 Qxe2+ 16. Kxe2 fxe6 17. Nxg7 Kxg7 18. Rhe1 e5 19. Kf1 Rf4 20. Re3 Raf8
21. Rae1 d5 22. R1e2 e4 23. Nd4 Nxd4 24. cxd4 h5 25. Kg1 c6 26. b4 Ra8 27. g3
Rf6 28. Rb2 a6 29. a4 Rf3 30. a5 Rxe3 31. fxe3 Rf8 32. Rf2 Rxf2 33. Kxf2 Kf6
34. Ke2 Ke6 35. Kd2 Kd6 36. Kc3 Kc7 37. Kb3 b6 38. axb6+ Kxb6 39. Ka4 Ka7 40.
Ka3 1/2-1/2

[Event "II Memorial Oliver Gonzalez"]
[Site "Madrid"]
[Date "2011.10.11"]
[Round "4.21"]
[White "Baeza Escudero, Javier"]
[Black "Aziz Ortego, Omar Luis"]
[Result "0-1"]
[WhiteElo "2012"]
[BlackElo "2168"]
[PlyCount "62"]
[EventDate "2011.10.08"]

1. e4 e5 2. Nf3 Nc6 3. d4 exd4 4. Nxd4 Nf6 5. Nxc6 bxc6 6. e5 Nd5 7. c4 Nb6 8.
Bd3 d5 9. exd6 cxd6 10. O-O Be7 11. Qh5 Be6 12. Na3 Nd7 13. f4 Qb6+ 14. Kh1
O-O-O 15. Qe2 g6 16. b4 Bf6 17. Rb1 Rhe8 18. c5 dxc5 19. Ba6+ Kc7 20. bxc5 Qxc5
21. Rb7+ Kd6 22. f5 Bd5 23. Qd3 Ne5 24. Bf4 gxf5 25. Nc4+ Ke6 26. Bxe5 Bxg2+
27. Kxg2 Rxd3 28. Re1 Qd5+ 29. Kg1 Rd1 30. Rb1 Bxe5 31. Rbxd1 Rg8+ 0-1